• 首页
  • 本馆介绍
  • 公告通知
  • 最新文献
  • 馆藏检索
  • 电子资源
  • 读者导购
  • 参考咨询
  • 我的图书馆
  • 登录
  • 详细信息显示
  • 放入我的书架
  • 预约/预借图书
  • 作者相关作品
  • 分类相关作品
  • 丛书相关作品
  • 出版社相关作品

书目信息

  • 表格格式
  • 工作单格式
  • 卡片格式
题名:
国际共产主义运动史文献史料选编
    
 
作者: ;中国人民大学科学社会主义系 编
分册: 第二卷  
出版信息: 北京   中国人民大学出版社  1983.11
页数: 454页
开本: 20cm
丛书名:
单 册:
中图分类: D1
科图分类:
主题词: 国际共产主义运动
电子资源:
ISBN:
000 00688nam0 2200205 45
001 0302260870
005 20040427143107.6
010    @dCNY1.55
091    @a3011.172
100    @a20030226d1983 km y0chiy0120 ea
101 0  @achi
105    @a z 000yy
200 1  @a国际共产主义运动史文献史料选编@h第二卷@AGuo Ji Gong Chan Zhu Yi Yun Dong Shi Wen Xian Shi Liao Xuan Bian@f中国人民大学科学社会主义系编@FZhong Guo Ren Min Da Xue Ke Xue She Hui Zhu Yi Xi Bian
210    @a北京@c中国人民大学出版社@d1983.11
215    @a454页@d20cm
606 0  @a国际共产主义运动
690    @aD1@v3
711 02 @a中国人民大学科学社会主义系@4编
801    @aCN@bTSTC@c20030318
905    @dD1@e14:2@f1@b111245
    
    国际共产主义运动史文献史料选编.第二卷/中国人民大学科学社会主义系编.-北京:中国人民大学出版社,1983.11
    454页;20cm
    
    
    ISBN :CNY1.55
    
●
相关链接 在E读中查询图书 在五车中查询图书 在当当中查询图书 在豆瓣中查询图书


正题名:国际共产主义运动史文献史料选编     索取号:D1/14:2         预约/预借

序号 登录号 条形码 馆藏地/架位号 状态 备注
1 0111244   001769232   密集书库/ [索取号:D1/14:2] 在馆    
2 0111245   001011782   第一借阅区/ [索取号:D1/14:2] 在馆    
3 0111246   001769241   密集书库/ [索取号:D1/14:2] 在馆    
唐山师范学院图书馆 欢迎您!
大连网信软件有限公司© 版权所有